| 000 | 00524nam a22001817a 4500 | ||
|---|---|---|---|
| 999 |
_c1097 _d1097 |
||
| 003 | OSt | ||
| 005 | 20180904121719.0 | ||
| 008 | 180904b ||||| |||| 00| 0 eng d | ||
| 020 | _a1854244035 | ||
| 040 | _cDLC | ||
| 082 |
_a289.9 _bH999K |
||
| 100 | _aHywel-Davies, Jack | ||
| 245 |
_aThe Kensington Temple Story/ _cBy Jack Hywel-Davies. [Foreword By Colin Dye] |
||
| 260 |
_aEast Sussex, London : _bMonarch Books, _cc1998. |
||
| 300 |
_a187 p.: _bill: |
||
| 650 |
_aPentecostal churches _zEngland- London |
||
| 942 |
_2ddc _cBK |
||